Beatles Lyrics Quiz (Part 002) - Statistics

General Stats
  • This quiz has been taken 199 times
  • The average score is 136 of 187
Answer Stats
Answer % Correct
I
98%
a
97%
you
93%
And
85%
love
84%
be
81%
me
80%
to
80%
When
78%
when
78%
my
76%
your
76%
want
73%
that
71%
let
69%
hold
67%
man
66%
hand
65%
say
65%
It's
63%
tell
63%
you'll
62%
You'll
62%
feel
61%
understand
61%
Oh
60%
somethin'
60%
can't
58%
please,
58%
feelin'
57%
I'll
57%
inside
57%
think
57%
happy
56%
hide
55%
touch
55%
yeah,
52%
Yeah,
52%
such
51%
got
45%
No matching quizzes found
Score Distribution
Percent of People with Each Score
Percentile by Number Answered
Your Score History
You have not taken this quiz